000 00738nam a2200229 i 4500
001 18037
003 BD-RjUL
005 20211209000229.0
008 140219r19651960enk 00100 eng d
035 _a(BD-RjUL)18095
040 _aLC
_beng
_cLC
_dBD-RjUL
041 _aeng
082 0 0 _a792.0942
_bJAC 1965
245 0 0 _aJacobean theatre /
_cedited by John Russel brown and Bernard Harris.
260 0 _aLondon :
_bArnold,
_c1960 [impression 1965].
300 _a253 p. ;
_c23 cm.
504 _aIncludes index.
650 0 _aEnglish drama
_yEarly modern and Elizabethan, 1500-1600
_xHistory and criticism.
_92066
650 0 _aTheater
_zEngland
_xHistory.
_955587
942 _2ddc
_cBK
999 _c18037
_d18037